[Event "Titled Tuesday intern op 27th July"]
[Site "Chess.com INT"]
[Date "2021.07.27"]
[Round "8"]
[White "Krishnakumar, Sriram"]
[Black "Pedzich, Dominik"]
[Result "1-0"]
[WhiteElo "2035"]
[BlackElo "2373"]
[PlyCount "87"]
[EventDate "2021.07.27"]
[EventType "swiss (blitz)"]
[EventRounds "11"]
[EventCountry "USA"]
[SourceTitle "CBM 203 Extra"]
[Source "ChessBase"]
[SourceDate "2021.09.30"]
[SourceVersion "1"]
[SourceVersionDate "2021.09.30"]
[SourceQuality "1"]

1. e4 c5 2. Nf3 e6 3. g3 Nc6 4. Bg2 d5 5. exd5 exd5 6. d4 Nf6 7. 0-0 cxd4 8. Re1+ Be7 9. Nbd2 0-0 10. Nb3 Bf5 11. Nbxd4 Be4 12. c3 Re8 13. Be3 Qd7 14. Nd2 Bxg2 15. Kxg2 Ng4 16. Bf4 Nxd4 17. cxd4 Bb4 18. a3 Rxe1 19. Qxe1 Ba5 20. h3 Nf6 21. b4 Re8 22. Qd1 Bb6 23. Nb3 Qf5 24. Nc5 Bxc5 25. dxc5 Rd8 26. Qd4 Qe4+ 27. Qxe4 dxe4 28. Bd6 Ne8 29. Re1 f5 30. Be5 Kf7 31. g4 g6 32. Kg3 Ke6 33. Bc3 Rd3+ 34. Re3 Rxe3+ 35. fxe3 Nc7 36. gxf5+ Kxf5 37. Bd4 a6 38. a4 g5 39. h4 g4 40. h5 Kg5 41. Be5 Nd5 42. b5 axb5 43. axb5 Kf5 44. Bd4 1-0

[Event "Titled Tuesday intern op 27th July"]
[Site "Chess.com INT"]
[Date "2021.07.27"]
[Round "2"]
[White "Pedzich, Dominik"]
[Black "Carre, Sylvain"]
[Result "0-1"]
[WhiteElo "2373"]
[BlackElo "2104"]
[PlyCount "68"]
[EventDate "2021.07.27"]
[EventType "swiss (blitz)"]
[EventRounds "11"]
[EventCountry "USA"]
[SourceTitle "CBM 203 Extra"]
[Source "ChessBase"]
[SourceDate "2021.09.30"]
[SourceVersion "1"]
[SourceVersionDate "2021.09.30"]
[SourceQuality "1"]

1. e4 g6 2. d4 d5 3. exd5 Qxd5 4. Nf3 Bg7 5. Be2 Qd8 6. 0-0 Nf6 7. c4 0-0 8. Nc3 Bg4 9. Be3 c6 10. Qb3 Qb6 11. h3 Bxf3 12. Bxf3 Qxb3 13. axb3 Nbd7 14. Ra2 Rfe8 15. g3 e5 16. Bg2 exd4 17. Bxd4 a6 18. Raa1 Nh5 19. Rad1 Bxd4 20. Rxd4 Nhf6 21. Rfd1 Nc5 22. Rd6 Nfe4 23. Nxe4 Nxe4 24. R6d4 Nc5 25. b4 Ne6 26. Rd7 Red8 27. b5 axb5 28. cxb5 cxb5 29. Bxb7 Rab8 30. Bc6 b4 31. Kf1 Kf8 32. Kg2 h6 33. R1d5 g5 34. Kf3 Rxd7 0-1

[Event "Titled Tuesday intern op 20th July"]
[Site "Chess.com INT"]
[Date "2021.07.20"]
[Round "4"]
[White "Pert, Richard G"]
[Black "Pedzich, Dominik"]
[Result "1-0"]
[WhiteElo "2416"]
[BlackElo "2373"]
[PlyCount "61"]
[EventDate "2021.07.20"]
[EventType "swiss (blitz)"]
[EventRounds "11"]
[EventCountry "USA"]
[SourceTitle "CBM 203 Extra"]
[Source "ChessBase"]
[SourceDate "2021.09.30"]
[SourceVersion "1"]
[SourceVersionDate "2021.09.30"]
[SourceQuality "1"]

1. d4 d6 2. Bg5 Nf6 3. Bxf6 exf6 4. e3 g6 5. g3 Bg7 6. Bg2 0-0 7. Ne2 f5 8. 0-0 Nd7 9. c4 Nf6 10. Nbc3 c6 11. Qd3 Re8 12. b4 Qe7 13. b5 Ne4 14. Rab1 h5 15. h4 Bf6 16. Bf3 Kg7 17. Kg2 Kh6 18. Rh1 Kg7 19. a4 Kh6 20. a5 Kg7 21. a6 cxb5 22. Nd5 bxc4 23. Qxc4 Be6 24. Bxe4 fxe4 25. Rxb7 Qd8 26. Nef4 Rc8 27. Qb3 Qa5 28. Nxe6+ Rxe6 29. Rb1 Bd8 30. Rxa7 Kg8 31. Qb7 1-0

[Event "Titled Tuesday intern op 20th July"]
[Site "Chess.com INT"]
[Date "2021.07.20"]
[Round "3"]
[White "Stearman, Josiah P"]
[Black "Pedzich, Dominik"]
[Result "1-0"]
[WhiteElo "2435"]
[BlackElo "2373"]
[PlyCount "111"]
[EventDate "2021.07.20"]
[EventType "swiss (blitz)"]
[EventRounds "11"]
[EventCountry "USA"]
[SourceTitle "CBM 203 Extra"]
[Source "ChessBase"]
[SourceDate "2021.09.30"]
[SourceVersion "1"]
[SourceVersionDate "2021.09.30"]
[SourceQuality "1"]

1. e4 c5 2. Nc3 Nc6 3. g3 g6 4. Bg2 Bg7 5. d3 e6 6. Be3 d6 7. Qd2 Nd4 8. Nd1 e5 9. c3 Nc6 10. Ne2 Nge7 11. Bh6 0-0 12. h4 f6 13. Bxg7 Kxg7 14. h5 g5 15. h6+ Kh8 16. f4 exf4 17. gxf4 Ng6 18. Nf2 gxf4 19. Nxf4 Nce5 20. 0-0-0 Nxf4 21. Qxf4 f5 22. exf5 Bxf5 23. Qe3 Rg8 24. Be4 Qg5 25. Qxg5 Rxg5 26. Rdg1 Rag8 27. Rxg5 Rxg5 28. Kd2 Nf7 29. Bxf5 Rxf5 30. Ne4 b6 31. c4 Kg8 32. Rg1+ Kf8 33. Rg7 Rh5 34. Rxh7 Ke7 35. Nxd6 Kxd6 36. Rxf7 Rxh6 37. Rxa7 Rh2+ 38. Kc3 Rh3 39. a3 Kc6 40. b4 cxb4+ 41. axb4 Rh2 42. Rg7 Rh3 43. Rg6+ Kc7 44. c5 bxc5 45. bxc5 Rh1 46. d4 Rc1+ 47. Kb4 Kb7 48. Kb5 Rb1+ 49. Kc4 Rd1 50. Kd5 Kc7 51. Rg7+ Kc8 52. c6 Rh1 53. Kc5 Rh5+ 54. d5 Rh6 55. d6 Rh5+ 56. Kb6 1-0

[Event "Titled Tuesday intern op 20th July"]
[Site "Chess.com INT"]
[Date "2021.07.20"]
[Round "1"]
[White "Yanchenko, Roman"]
[Black "Pedzich, Dominik"]
[Result "1/2-1/2"]
[WhiteElo "2467"]
[BlackElo "2373"]
[PlyCount "154"]
[EventDate "2021.07.20"]
[EventType "swiss (blitz)"]
[EventRounds "11"]
[EventCountry "USA"]
[SourceTitle "CBM 203 Extra"]
[Source "ChessBase"]
[SourceDate "2021.09.30"]
[SourceVersion "1"]
[SourceVersionDate "2021.09.30"]
[SourceQuality "1"]

1. d4 d6 2. Nf3 Nf6 3. Bg5 g6 4. Bxf6 exf6 5. c4 f5 6. Nc3 Bg7 7. e3 0-0 8. g3 c6 9. Bg2 Nd7 10. 0-0 Nf6 11. Qb3 Re8 12. Rfd1 h6 13. Rac1 Qe7 14. Ne1 Ne4 15. Nd3 Kh7 16. a3 Kh8 17. h4 Kh7 18. Qc2 Kh8 19. Nf4 Kh7 20. b4 a6 21. a4 Be6 22. Nxe4 fxe4 23. Qxe4 Bg4 24. Qxe7 Rxe7 25. Rd2 Bf5 26. b5 axb5 27. axb5 Rc8 28. Rcd1 Rec7 29. Ra2 Bg4 30. Rb1 Bf5 31. Rd1 Bg4 32. Re1 Re7 33. bxc6 bxc6 34. Ra6 Bxd4 35. Rxc6 Rxc6 36. Bxc6 Bc3 37. Rc1 Be5 38. Nd3 Bg7 39. Kg2 Ra7 40. Bd5 Bf5 41. Nf4 Be5 42. Rd1 Kg7 43. Kf3 Ra1 44. Rxa1 Bxa1 45. Be4 Be6 46. Bd5 Bf5 47. Ne2 Bd3 48. Nd4 Bf5 49. Nxf5+ gxf5 50. Ke2 Kf6 51. f4 Bc3 52. Kf3 Be1 53. Bc6 Ke6 54. Bb5 Kf6 55. h5 Ke6 56. Bc6 Kf6 57. e4 fxe4+ 58. Bxe4 Ke6 59. g4 f6 60. Bd5+ Ke7 61. Ke4 Bd2 62. Kf5 Bc1 63. Be4 Bd2 64. Bd5 Bc1 65. Ke4 Bd2 66. Kf3 Bc1 67. Be4 Bd2 68. Bg6 Bc1 69. Bf5 Bd2 70. Ke4 Bc1 71. c5 dxc5 72. g5 fxg5 73. fxg5 Bxg5 74. Kd5 Kf6 75. Bg6 Be3 76. Kc4 Bg5 77. Kxc5 Ke5 1/2-1/2

[Event "Warsaw Maciei Memorial"]
[Site "Warsaw"]
[Date "2021.07.09"]
[Round "8"]
[White "Chatalbashev, Boris"]
[Black "Pedzich, Dominik"]
[Result "1-0"]
[WhiteElo "2535"]
[BlackElo "2373"]
[PlyCount "58"]
[EventDate "2021.07.09"]
[EventType "swiss (blitz)"]
[EventRounds "11"]
[EventCountry "POL"]
[SourceTitle "CBM 203 Extra"]
[Source "ChessBase"]
[SourceDate "2021.09.30"]
[SourceVersion "1"]
[SourceVersionDate "2021.09.30"]
[SourceQuality "1"]

1. d4 Nf6 2. c4 g6 3. Nc3 Bg7 4. e4 d6 5. Be2 0-0 6. Bg5 c5 7. d5 a6 8. a4 e6 9. Qd2 exd5 10. exd5 Nbd7 11. Nf3 Re8 12. 0-0 Ne5 13. Nxe5 Rxe5 14. f4 Re8 15. Bd3 h6 16. Bh4 Bd7 17. Rae1 Qa5 18. Kh1 Rxe1 19. Rxe1 Re8 20. Rxe8+ Nxe8 21. Qe1 Bxc3 22. bxc3 Bxa4 23. Be7 Bd7 24. h3 Qc7 25. g4 f5 26. gxf5 gxf5 27. Qh4 Kh7 28. Qh5 Ng7 29. Qf7 Qc8 1-0

[Event "Trzcianka Dziedzic Memorial 9th"]
[Site "Trzcianka"]
[Date "2019.10.13"]
[Round "8"]
[White "Niekras, Dawid"]
[Black "Pedzich, Dominik"]
[Result "1/2-1/2"]
[WhiteElo "2275"]
[BlackElo "2344"]
[PlyCount "52"]
[EventDate "2019.10.13"]
[EventType "swiss (rapid)"]
[EventRounds "9"]
[EventCountry "POL"]
[SourceTitle "CBM 192 Extra"]
[Source "Chessbase"]
[SourceDate "2019.11.06"]
[SourceVersion "1"]
[SourceVersionDate "2019.11.06"]
[SourceQuality "1"]

1. e4 d6 2. d4 Nf6 3. Nc3 e5 4. Nf3 Nbd7 5. Rg1 Be7 6. g4 exd4 7. Qxd4 Nc5 8. g5 Nh5 9. Be3 0-0 10. 0-0-0 Be6 11. Be2 g6 12. Nh4 Ng7 13. Nd5 Bxd5 14. exd5 f5 15. f4 Qd7 16. Nf3 Rfe8 17. Qd2 Bf8 18. Bd4 Ne4 19. Qd3 Nh5 20. Be3 Nc5 21. Qd2 Ne4 22. Qd3 Bg7 23. Qd2 Bf8 24. Qd3 Nc5 25. Nd4 Bg7 26. Qd2 Rxe3 1/2-1/2

[Event "Sliema XYChess"]
[Site "Sliema"]
[Date "2014.05.24"]
[Round "5"]
[White "Joie, Sebastien"]
[Black "Pedzich, Dominik"]
[Result "0-1"]
[WhiteElo "2334"]
[BlackElo "2384"]
[PlyCount "104"]
[EventDate "2014.05.21"]
[EventType "tourn"]
[EventRounds "9"]
[EventCountry "MLT"]
[SourceTitle "CBM 160 Extra"]
[Source "ChessBase"]
[SourceDate "2014.07.01"]
[SourceVersion "1"]
[SourceVersionDate "2014.07.01"]
[SourceQuality "1"]

1. d4 d6 2. g3 Nf6 3. Nf3 g6 4. Bg2 Bg7 5. 0-0 0-0 6. b3 c6 7. Bb2 a5 8. Re1 Ne4 9. Nfd2 Nxd2 10. Nxd2 a4 11. c3 Nd7 12. e4 Nf6 13. Ba3 Bg4 14. f3 Be6 15. f4 Re8 16. Qe2 Qa5 17. b4 Qc7 18. Nf1 b5 19. Ne3 Qd7 20. Qc2 Bh3 21. e5 dxe5 22. dxe5 Nd5 23. Bxd5 cxd5 24. Rad1 Be6 25. Qg2 Red8 26. Rd3 Rac8 27. Red1 Qa7 28. h3 Bf5 29. Kh2 Bxd3 30. Rxd3 e6 31. Nc2 Rc4 32. Nd4 Qb6 33. Bc1 Rdc8 34. Be3 Rxc3 35. Ne2 Qxe3 36. Rxe3 Rxe3 37. Nd4 Rc4 38. Qd2 Re4 39. Nxb5 Rxb4 40. Nd6 a3 41. Nxe4 Rb2 42. Kg1 Rxd2 43. Nxd2 g5 44. Kf2 gxf4 45. gxf4 f6 46. Nf3 Kf7 47. exf6 Kxf6 48. Ng5 Kf5 49. h4 Bf6 50. Kg3 Bxg5 51. hxg5 e5 52. fxe5 Kxg5 0-1

[Event "Sliema XYChess"]
[Site "Sliema"]
[Date "2014.05.24"]
[Round "4"]
[White "Pedzich, Dominik"]
[Black "Amdouni, Zoubaier"]
[Result "1/2-1/2"]
[WhiteElo "2384"]
[BlackElo "2275"]
[PlyCount "67"]
[EventDate "2014.05.21"]
[EventType "tourn"]
[EventRounds "9"]
[EventCountry "MLT"]
[SourceTitle "CBM 160 Extra"]
[Source "ChessBase"]
[SourceDate "2014.07.01"]
[SourceVersion "1"]
[SourceVersionDate "2014.07.01"]
[SourceQuality "1"]

1. e4 c5 2. Nf3 e6 3. b3 a6 4. Bb2 Nc6 5. Qe2 d6 6. d4 cxd4 7. Nxd4 Qf6 8. c3 e5 9. Nxc6 bxc6 10. g3 h5 11. Nd2 Bg4 12. f3 Be6 13. 0-0-0 Ne7 14. Bg2 Ng6 15. Nc4 Qd8 16. Rd2 Qc7 17. Rhd1 d5 18. exd5 cxd5 19. Rxd5 Bxd5 20. Rxd5 Be7 21. Nxe5 Nxe5 22. Rxe5 Kf8 23. f4 Rd8 24. Rxh5 Rxh5 25. Qxh5 Kg8 26. Bd5 Bf6 27. c4 Qe7 28. Bxf6 Qxf6 29. Qe5 Qxe5 30. fxe5 Re8 31. e6 fxe6 32. Bb7 Kf7 33. c5 Ke7 34. Kd2 1/2-1/2

[Event "EU-ch rapid"]
[Site "Warsaw"]
[Date "2013.12.14"]
[Round "7"]
[White "Minko, Vladimir"]
[Black "Pedzich, Dominik"]
[Result "1-0"]
[WhiteElo "2327"]
[BlackElo "2384"]
[PlyCount "94"]
[EventDate "2013.12.14"]
[EventType "swiss (rapid)"]
[EventRounds "11"]
[EventCountry "POL"]
[SourceTitle "CBM 157 Extra"]
[Source "ChessBase"]
[SourceDate "2013.12.19"]
[SourceVersion "1"]
[SourceVersionDate "2013.12.19"]
[SourceQuality "1"]

1. d4 d6 2. Nf3 Nf6 3. c4 Nbd7 4. g3 c6 5. Bg2 e5 6. Nc3 Be7 7. e4 0-0 8. 0-0 a6 9. a3 b5 10. cxb5 axb5 11. Be3 Bb7 12. h3 Re8 13. Qc2 Rc8 14. Rfd1 Qc7 15. Rac1 Qb8 16. dxe5 dxe5 17. h4 Nf8 18. Qb3 h6 19. Ne1 Ng4 20. Bb6 Ba8 21. Bh3 h5 22. Bxg4 hxg4 23. Be3 Ne6 24. Qc2 Nd4 25. Bxd4 exd4 26. Rxd4 c5 27. Rdd1 Bf6 28. Nd5 Be5 29. Ng2 Bxd5 30. Rxd5 Bd4 31. Nf4 Rcd8 32. Rxd8 Qxd8 33. Qe2 Qd7 34. b4 c4 35. Rd1 Qa7 36. Qxg4 Bxf2+ 37. Kg2 Bd4 38. Nd5 Be5 39. Qf3 Re6 40. Qf5 Qxa3 41. Nf4 Re8 42. Rd7 Qb2+ 43. Kh3 Rf8 44. Nd5 g6 45. Ne7+ Kg7 46. Nxg6 Bf6 47. Nxf8 Kg8 1-0

[Event "EU-ch rapid"]
[Site "Warsaw"]
[Date "2013.12.14"]
[Round "4"]
[White "Pedzich, Dominik"]
[Black "Ivanisevic, Ivan"]
[Result "0-1"]
[WhiteElo "2384"]
[BlackElo "2626"]
[PlyCount "59"]
[EventDate "2013.12.14"]
[EventType "swiss (rapid)"]
[EventRounds "11"]
[EventCountry "POL"]
[SourceTitle "CBM 157 Extra"]
[Source "ChessBase"]
[SourceDate "2013.12.19"]
[SourceVersion "1"]
[SourceVersionDate "2013.12.19"]
[SourceQuality "1"]

1. e4 c5 2. Nf3 Nc6 3. Bb5 b6 4. 0-0 Bb7 5. Re1 e6 6. c3 a6 7. Bf1 g5 8. d4 g4 9. Ne5 Nxe5 10. dxe5 h5 11. Nd2 b5 12. a4 Bc6 13. Nb3 bxa4 14. Nd2 Ne7 15. Nc4 Ng6 16. Be3 Qb8 17. Na5 Nxe5 18. Bf4 Nf3+ 19. Qxf3 gxf3 20. Bxb8 fxg2 21. Bxg2 Rxb8 22. Nxc6 dxc6 23. e5 Rg8 24. Kf1 Bh6 25. Rxa4 Rxb2 26. Rxa6 Kf8 27. Rxc6 Bd2 28. Ra1 Bxc3 29. Rc7 Bd4 30. Re1 0-1

[Event "POL-chT1"]
[Site "Szklarska Poreba"]
[Date "2013.09.13"]
[Round "7"]
[White "Pedzich, Dominik"]
[Black "Jasnikowski, Zbigniew"]
[Result "1/2-1/2"]
[WhiteElo "2395"]
[BlackElo "2358"]
[PlyCount "38"]
[EventDate "2013.09.07"]
[EventType "team-tourn"]
[EventRounds "9"]
[EventCountry "POL"]
[SourceTitle "EXT 2015"]
[Source "ChessBase"]
[SourceDate "2014.11.20"]
[SourceVersion "1"]
[SourceVersionDate "2014.11.20"]
[SourceQuality "1"]
[WhiteTeam "Warsaw Polonia"]
[BlackTeam "Gant Hetman"]
[WhiteTeamCountry "POL"]
[BlackTeamCountry "POL"]

1. e4 c6 2. d4 d5 3. Nc3 dxe4 4. Nxe4 Nd7 5. Bc4 Ngf6 6. Nxf6+ Nxf6 7. c3 Qc7 8. Qc2 Bg4 9. Ne2 e6 10. Ng3 Bh5 11. Nxh5 Nxh5 12. 0-0 Bd6 13. g3 Nf6 14. Bg5 Be7 15. Rfe1 0-0 16. Bf4 Bd6 17. Bg5 Be7 18. Bf4 Bd6 19. Bg5 Be7 1/2-1/2

[Event "EU-ch rapid"]
[Site "Warsaw"]
[Date "2012.12.15"]
[Round "6"]
[White "Pedzich, Dominik"]
[Black "Stremavicius, Titas"]
[Result "1/2-1/2"]
[WhiteElo "2395"]
[BlackElo "2185"]
[PlyCount "73"]
[EventDate "2012.12.15"]
[EventType "swiss (rapid)"]
[EventRounds "11"]
[EventCountry "POL"]
[SourceTitle "EXT 2014"]
[Source "ChessBase"]
[SourceDate "2013.11.20"]
[SourceVersion "1"]
[SourceVersionDate "2013.11.20"]
[SourceQuality "1"]

1. e4 c5 2. Nf3 Nc6 3. Bb5 g6 4. 0-0 Bg7 5. c3 Nf6 6. Qa4 0-0 7. d4 cxd4 8. cxd4 a6 9. Re1 Qb6 10. Nc3 d6 11. Bxc6 Qxc6 12. Qb3 b5 13. Bg5 Qb7 14. e5 dxe5 15. dxe5 Be6 16. exf6 Bxb3 17. fxg7 Rfe8 18. axb3 Kxg7 19. b4 f6 20. Be3 e5 21. Nd2 Qf7 22. Nce4 Red8 23. Nc5 Rd6 24. Nde4 Rc6 25. Rad1 Ra7 26. Rd8 Qc4 27. h3 Qxb4 28. Red1 Rf7 29. Ra8 h6 30. Rdd8 g5 31. g4 Kg6 32. b3 Rfc7 33. Rg8+ Rg7 34. Rge8 Rgc7 35. Rg8+ Rg7 36. Rge8 Rgc7 37. Rg8+ 1/2-1/2

[Event "POL-chT 1st League"]
[Site "Poronin"]
[Date "2012.09.??"]
[Round "4"]
[White "Dudzinski, Pawel"]
[Black "Pedzich, Dominik"]
[Result "1-0"]
[WhiteElo "2302"]
[BlackElo "2409"]
[PlyCount "67"]
[EventDate "2012.09.01"]
[EventType "team-tourn"]
[EventRounds "9"]
[EventCountry "POL"]
[SourceTitle "EXT 2013"]
[Source "ChessBase"]
[SourceDate "2012.11.22"]
[SourceVersion "1"]
[SourceVersionDate "2012.11.22"]
[SourceQuality "1"]
[WhiteTeam "Ostrow Wielkopolski"]
[BlackTeam "Warszawa Polonia"]
[WhiteTeamCountry "POL"]
[BlackTeamCountry "POL"]

1. e4 c5 2. c4 Nc6 3. Nc3 g6 4. g3 Bg7 5. Bg2 d6 6. Nge2 Bg4 7. h3 Bxe2 8. Nxe2 e6 9. 0-0 Nge7 10. d3 0-0 11. Be3 Rb8 12. d4 Qb6 13. d5 Na5 14. b3 exd5 15. cxd5 Bxa1 16. Qxa1 f6 17. Nf4 Rf7 18. Bd2 Qa6 19. Bc3 f5 20. Qe1 fxe4 21. Bxa5 Nf5 22. Bxe4 Re8 23. Bd3 Rxe1 24. Bxa6 Re5 25. Bc4 Nd4 26. Bc3 g5 27. Bxd4 cxd4 28. Ne6 a6 29. a4 d3 30. Bxd3 Rxd5 31. Bc4 Rd2 32. Nc7 Kf8 33. Bxf7 Kxf7 34. Re1 1-0

[Event "POL-chT 1st League"]
[Site "Poronin"]
[Date "2012.09.??"]
[Round "3"]
[White "Pedzich, Dominik"]
[Black "Flasinski, Michal"]
[Result "1-0"]
[WhiteElo "2409"]
[BlackElo "2197"]
[PlyCount "47"]
[EventDate "2012.09.01"]
[EventType "team-tourn"]
[EventRounds "9"]
[EventCountry "POL"]
[SourceTitle "EXT 2013"]
[Source "ChessBase"]
[SourceDate "2012.11.22"]
[SourceVersion "1"]
[SourceVersionDate "2012.11.22"]
[SourceQuality "1"]
[WhiteTeam "Warszawa Polonia"]
[BlackTeam "Gliwice Politechnika Slaska"]
[WhiteTeamCountry "POL"]
[BlackTeamCountry "POL"]

1. e4 c6 2. d4 d5 3. Nc3 dxe4 4. Nxe4 Nd7 5. Bc4 Ngf6 6. Nxf6+ Nxf6 7. Nf3 e6 8. 0-0 Be7 9. Qe2 0-0 10. Bg5 Qb6 11. c3 Rd8 12. Rad1 Bd7 13. Rfe1 Kh8 14. Rd3 Be8 15. Re3 Rd6 16. Bf4 Rdd8 17. Ng5 Bd6 18. Be5 Be7 19. Rh3 h6 20. Ne4 Ng8 21. Bxg7+ Kxg7 22. Qg4+ Kf8 23. Rg3 Bg5 24. Nxg5 1-0

[Event "Trzcianka Dziedzic Memorial 2nd"]
[Site "Trzcianka"]
[Date "2012.03.04"]
[Round "4"]
[White "Pedzich, Dominik"]
[Black "Markowski, Tomasz"]
[Result "0-1"]
[WhiteElo "2409"]
[BlackElo "2612"]
[PlyCount "85"]
[EventDate "2012.03.04"]
[EventType "swiss (rapid)"]
[EventRounds "9"]
[EventCountry "POL"]
[SourceTitle "CBM 147 Extra"]
[Source "ChessBase"]
[SourceDate "2012.04.24"]
[SourceVersion "1"]
[SourceVersionDate "2012.04.24"]
[SourceQuality "1"]

1. e4 c5 2. Nf3 e6 3. b3 b6 4. Bd3 Bb7 5. 0-0 d6 6. Re1 Nd7 7. c3 Ngf6 8. Bc2 Be7 9. d4 cxd4 10. cxd4 Rc8 11. Bb2 0-0 12. Nc3 a6 13. Qd3 g6 14. Rad1 Re8 15. Bb1 b5 16. e5 Nd5 17. Ne4 dxe5 18. Nxe5 Bb4 19. Rf1 N7f6 20. Nc5 Nf4 21. Qe3 Nxg2 22. Qh6 Bd5 23. a3 Nh5 24. axb4 Qh4 25. f3 Ngf4 26. Bc1 Ne2+ 27. Kh1 Nxc1 28. Qxc1 Ng3+ 29. Kg2 Nxf1 30. Rxf1 Qxd4 31. Qg5 Rc7 32. Ncd7 Rxd7 33. Nxd7 Bxf3+ 34. Rxf3 Qxd7 35. Qf6 Rf8 36. Rf2 Qd5+ 37. Kg1 Qxb3 38. Bc2 Qxb4 39. h4 a5 40. h5 Qg4+ 41. Rg2 Qxh5 42. Rg5 Qh6 43. Rg2 0-1

[Event "Presolana op 31st"]
[Site "Presolana"]
[Date "2011.08.28"]
[Round "9"]
[White "Pedzich, Dominik"]
[Black "Marguerettaz, Davy"]
[Result "1-0"]
[WhiteElo "2418"]
[BlackElo "2160"]
[PlyCount "77"]
[EventDate "2011.08.20"]
[EventType "swiss"]
[EventRounds "9"]
[EventCountry "ITA"]
[SourceTitle "CBM 144 Extra"]
[Source "ChessBase"]
[SourceDate "2011.10.28"]
[SourceVersion "1"]
[SourceVersionDate "2011.10.28"]
[SourceQuality "1"]

1. e4 c6 2. d4 d5 3. Nc3 dxe4 4. Nxe4 Bf5 5. Ng3 Bg6 6. h4 h6 7. Nf3 Nd7 8. h5 Bh7 9. Bd3 Bxd3 10. Qxd3 e6 11. Bd2 Ngf6 12. 0-0-0 Qc7 13. Qe2 0-0-0 14. Ne5 Nxe5 15. dxe5 Nd5 16. f4 Be7 17. a3 Kb8 18. c4 Nb6 19. Kb1 Rd7 20. Ne4 c5 21. Ba5 Rhd8 22. Rxd7 Rxd7 23. Rd1 Rxd1+ 24. Qxd1 Qc6 25. Qd3 Nc8 26. Bc3 Kc7 27. g4 Qd7 28. Qxd7+ Kxd7 29. Kc2 Bf8 30. Kd3 Kc6 31. f5 a6 32. b3 b5 33. f6 Nb6 34. fxg7 Bxg7 35. Nd6 b4 36. axb4 cxb4 37. Bxb4 Bxe5 38. Nxf7 Nd7 39. Nxh6 1-0

[Event "Presolana op 31st"]
[Site "Presolana"]
[Date "2011.08.25"]
[Round "6"]
[White "Rambaldi, Francesco"]
[Black "Pedzich, Dominik"]
[Result "1/2-1/2"]
[WhiteElo "2206"]
[BlackElo "2418"]
[PlyCount "74"]
[EventDate "2011.08.20"]
[EventType "swiss"]
[EventRounds "9"]
[EventCountry "ITA"]
[SourceTitle "CBM 144 Extra"]
[Source "ChessBase"]
[SourceDate "2011.10.28"]
[SourceVersion "1"]
[SourceVersionDate "2011.10.28"]
[SourceQuality "1"]

1. e4 c5 2. Nf3 e6 3. d4 cxd4 4. Nxd4 Nf6 5. Nc3 d6 6. g4 h6 7. Be3 a6 8. h3 b5 9. Bg2 Bb7 10. a3 Nbd7 11. Qe2 Rc8 12. g5 hxg5 13. Bxg5 Be7 14. f4 Qb6 15. Qe3 Rc4 16. Rd1 g6 17. 0-0 Rh5 18. Rfe1 e5 19. Nb3 Qxe3+ 20. Rxe3 Bd8 21. Red3 Bb6+ 22. Kf1 d5 23. fxe5 Rxg5 24. exf6 Nxf6 25. Nd2 dxe4 26. Nxc4 Rf5+ 27. Ke1 Bf2+ 28. Kd2 bxc4 29. Re3 Bxe3+ 30. Kxe3 Rg5 31. Bf1 Rg3+ 32. Kd4 Ke7 33. Re1 Rg1 34. Ne2 Rg5 35. Nc3 Rg1 36. Ne2 Rg5 37. Nc3 Rg1 1/2-1/2

[Event "Poznan op-A"]
[Site "Poznan"]
[Date "2004.07.22"]
[Round "7"]
[White "Przybylski, Wojciech"]
[Black "Pedzich, Dominik"]
[Result "1/2-1/2"]
[WhiteElo "2208"]
[BlackElo "2436"]
[PlyCount "84"]
[EventDate "2004.07.17"]
[EventType "swiss"]
[EventRounds "9"]
[EventCountry "POL"]
[SourceTitle "EXT 2008"]
[Source "ChessBase"]
[SourceDate "2007.11.25"]
[SourceVersion "1"]
[SourceVersionDate "2007.11.25"]
[SourceQuality "1"]

1. e4 c5 2. Nf3 e6 3. d4 cxd4 4. Nxd4 Nf6 5. Nc3 d6 6. Be2 a6 7. 0-0 Qc7 8. f4 Be7 9. Be3 0-0 10. g4 d5 11. e5 Ne4 12. Rf3 Nc6 13. g5 Bd7 14. Bd3 Nxd4 15. Bxd4 Bc5 16. Nxe4 dxe4 17. Bxe4 Bxd4+ 18. Qxd4 Bc6 19. Rc3 Rfd8 20. Qe3 Rd7 21. Bxc6 bxc6 22. Rd3 Rxd3 23. cxd3 Rb8 24. b3 Qa5 25. Rc1 Qxa2 26. Rxc6 Qxb3 27. Rxa6 Qd1+ 28. Kf2 Rb2+ 29. Kg3 Qh1 30. h3 g6 31. Kh4 Kg7 32. Ra7 Qd5 33. Ra1 Rg2 34. Qe4 Qxe4 35. dxe4 h6 36. gxh6+ Kxh6 37. Ra7 Kg7 38. Ra3 Re2 39. Ra4 Rg2 40. Ra3 Kh6 41. Ra7 Kg7 42. Ra3 Kh6 1/2-1/2